| 000 | 00668nam a2200205Ia 4500 | ||
|---|---|---|---|
| 003 | GCL | ||
| 008 | 140319s9999 xx 000 0 ara d | ||
| 040 |
_aGCL / _cGCL |
||
| 082 | 0 | 4 |
_a889.01 _bف ح |
| 100 | 1 | _aنعيم عطية | |
| 245 | 1 | 0 |
_aحلم فتاة : قصص من اليونان الحديثة / _cنعيم عطية |
| 700 | 1 | _aفينيزى، ايليا | |
| 700 | 1 | _aبانايوتوبولوس، يوانيس | |
| 300 | _a161 ص | ||
| 490 |
_aروايات الهلال _v0 |
||
| 650 | 0 | 4 | _aالقصص اليونانية |
| 650 | 0 | 4 | _aالادب اليونانى المترجم |
| 650 | 0 | 4 | _aالادب العالمى المترجم |
| 942 |
_2ddc _cBK |
||
| 999 |
_c40033 _d40033 |
||